[Event "V Abierto Ciudad de Dos Hermanas"]
[Site "?"]
[Date "2006.03.31"]
[Round "2"]
[White "Lopez Rodriguez, F."]
[Black "Korneev, O."]
[Result "0-1"]
[WhiteElo "2153"]
[BlackElo "2649"]
[PlyCount "108"]
[EventDate "2006.03.30"]
[SourceDate "2006.03.30"]

1. d4 d5 2. c4 e6 3. Nc3 c6 4. Nf3 Nf6 5. cxd5 exd5 6. Bg5 Be7 7. Qc2 g6 8. e3
Bf5 9. Bd3 Bxd3 10. Qxd3 O-O 11. O-O Nbd7 12. Rab1 a5 13. Qc2 Re8 14. a3 Ne4
15. Bxe7 Qxe7 16. b4 Nd6 17. Nd2 axb4 18. axb4 b5 19. Rfe1 (19. Ra1) 19... Nb6
20. e4 Nbc4 21. Nxc4 Nxc4 22. Qe2 (22. Qd3) 22... dxe4 23. Nxe4 (23. Qxe4 Qxe4
24. Nxe4 Rxe4 25. Rxe4 Nd2 26. Ree1 Nxb1 27. Rxb1 Ra2 $17) 23... f5 $15 24. Nc3
Qxe2 25. Rxe2 Rxe2 26. Nxe2 Ra2 27. Nf4 {Diagrama #} Nd2 $6 (27... Rd2 $17) 28.
Rd1 g5 29. Ne6 Ne4 30. Nd8 (30. Rc1) 30... Rc2 31. h3 Nc3 32. Re1 Ne2+ 33. Kh2
Nxd4 34. Re8+ Kg7 35. Re7+ Kf6 36. Rxh7 f4 37. Rd7 Nf5 38. Rc7 (38. Kg1) 38...
Rxf2 39. Rxc6+ Ke7 40. Rc5 Nh4 41. Nc6+ Kf6 42. Ne5 Rxg2+ 43. Kh1 Re2 44. Ng4+
Ke6 45. Kg1 (45. Rxg5 Re1+ 46. Kh2 Nf3+) 45... Nf5 46. Rxb5 f3 47. Rc5 Rg2+ 48.
Kf1 Ng3+ 49. Ke1 Re2+ 50. Kd1 Ne4 51. Re5+ Kd6 52. Rf5 Rd2+ 53. Ke1 Rd3 {
Diagrama #} 54. Nf2 $2 (54. b5 Ra3 55. Kd1 Ra1+ 56. Kc2 f2 57. Ne3 Ra3 58. Nf1
Rc3+ 59. Kb2 Rxh3 $19) 54... Re3+ 0-1

[Event "V Abierto Ciudad de Dos Hermanas"]
[Site "?"]
[Date "2006.03.31"]
[Round "2"]
[White "Neelotpal, D."]
[Black "Borondo Garcia, R."]
[Result "1-0"]
[WhiteElo "2512"]
[BlackElo "2054"]
[PlyCount "76"]
[EventDate "2006.03.30"]
[SourceDate "2006.03.30"]

1. e4 c5 2. Nf3 d6 3. Nc3 a6 4. d4 cxd4 5. Nxd4 Nf6 6. Be3 e5 7. Nf3 Qc7 8. a4
Be7 (8... b6 $5) 9. a5 Nbd7 10. Bd3 O-O 11. O-O Nc5 (11... b5 12. axb6 Nxb6 13.
Qe2 a5 14. Nd2 Be6 15. Bxb6 Qxb6 16. b3 Rfb8 17. h3 g6 18. Rfd1 Qc5 19. Bc4 Rb4
20. Qd3 Nh5 21. Na4 Qc7 22. Qc3 Nf4 23. Kh2 Qb7 24. g3 Bxc4 25. Nxc4 Ne6 26.
Rd5 Ng5 27. Qe3 f5 28. Nxd6 Qc6 29. c4 f4 30. gxf4 exf4 31. Qc5 Ra6 32. Rad1
Rxb3 33. Rxg5 Bxd6 34. Rxd6 Qxd6 35. Qc8+ Kg7 36. Rd5 Qe6 37. Rd7+ Kf6 38. Qd8+
Ke5 39. Rd5+ Kxe4 40. Nc5+ Kf3 41. Nxe6 Rxe6 42. Rd2 Rbe3 43. fxe3 {
1-0 Berkvens,J-Vink,N/Dieren 2000/CBM 077 ext (43).}) 12. Na4 Nxa4 (12... Ncxe4
$2 13. Nb6 Rb8 14. Bxe4 Nxe4 15. Nd5 Qd8 16. Bb6 Qe8 17. Ba7 Ra8 18. Nc7) 13.
Rxa4 Bg4 14. Bb6 Qd7 15. b3 Rac8 16. Re1 h6 17. Be3 Qc7 (17... d5 $5 18. exd5
Nxd5) 18. c4 Nd7 19. b4 Nb8 20. h3 Be6 21. Nd2 Qd7 22. b5 {Diagrama #} Kh8 $6 (
22... axb5 23. cxb5 Rc3) 23. Qe2 Rc7 24. Raa1 Bd8 25. Reb1 Qc8 26. Kh2 f5 27.
exf5 Bxf5 28. Bxf5 Qxf5 29. Qg4 Qc2 (29... Qxg4 30. hxg4 Nd7 $14) 30. Rc1 Qd3
31. Rab1 Rcf7 32. Ne4 d5 $6 (32... Bxa5 33. Rd1 Qxc4 34. Nxd6 Qxg4 35. Nxf7+
Rxf7 36. hxg4 $18) (32... Be7 33. bxa6 bxa6 34. Rb6 $18) 33. Nc5 Qa3 34. cxd5
Qxa5 35. bxa6 Nxa6 36. Nxb7 Qa3 37. Ra1 Qd3 38. Rd1 Qb5 1-0

[Event "V Abierto Ciudad de Dos Hermanas"]
[Site "?"]
[Date "2006.03.31"]
[Round "2"]
[White "Vela Ignacio, J."]
[Black "Handke, F."]
[Result "0-1"]
[WhiteElo "2034"]
[BlackElo "2474"]
[PlyCount "88"]
[EventDate "2006.03.30"]
[SourceDate "2006.03.30"]

1. e4 c5 2. Nf3 Nc6 3. Bb5 g6 4. c3 Nf6 5. d3 Bg7 6. O-O O-O 7. Nbd2 b6 8. e5
Ne8 9. e6 Bb7 10. exf7+ Rxf7 11. Ng5 Rf5 12. Qb3+ d5 13. Ne6 Qd6 14. Nxg7 Kxg7
15. d4 e5 16. dxc5 Qxc5 17. Nf3 Nc7 18. Be2 Re8 19. Be3 Qe7 20. Rad1 Ne6 {
Diagrama #} 21. g3 $2 (21. Rfe1) 21... d4 22. cxd4 Na5 23. Qc3 Rc8 24. Qd2 Bxf3
25. Bxf3 Rxf3 26. d5 Nd4 27. Bxd4 exd4 28. Qxd4+ Qf6 29. Qe4 Rc4 30. Qe2 Rc7
31. Qe4 Re7 32. Qc2 Qd6 33. b4 Qxb4 34. d6 Rd7 35. Qe2 Rf6 36. Qe8 Rfxd6 37.
Qxd7+ Rxd7 38. Rxd7+ Kf6 39. Rfd1 Nc4 40. Rxh7 a5 41. Rd4 Qe1+ 42. Kg2 Ne3+ 43.
fxe3 Qe2+ 44. Kh3 Qf1+ 0-1

[Event "V Abierto Ciudad de Dos Hermanas"]
[Site "?"]
[Date "2006.04.01"]
[Round "3"]
[White "Korneev, O."]
[Black "Carlsson, P."]
[Result "1-0"]
[WhiteElo "2649"]
[BlackElo "2430"]
[PlyCount "277"]
[EventDate "2006.03.30"]
[SourceDate "2006.03.30"]

1. e4 c5 2. Nf3 d6 3. d4 cxd4 4. Nxd4 Nf6 5. Nc3 g6 6. Be3 Bg7 7. f3 O-O 8. Qd2
Nc6 9. Bc4 Bd7 10. O-O-O Rc8 11. Bb3 Nxd4 12. Bxd4 b5 13. Nd5 Nxd5 14. Bxg7
Kxg7 15. exd5 a5 16. a3 b4 17. axb4 axb4 18. Qxb4 Kg8 19. Rhe1 Re8 20. Rd4 Rc5
21. Kd1 Qa8 22. Ke2 Qa7 23. Qd2 Rb8 24. Qe3 Bf5 25. Rd2 Qc7 26. Rc1 Rcb5 27.
Ra1 Rc5 28. Kd1 Rc8 29. Qe2 Re8 30. g4 Bd7 31. Qe3 Qb8 32. Qd4 Qb7 33. Ke2 e5
34. dxe6 Bxe6 35. Bxe6 Rxe6+ 36. Kf2 Qc8 37. c3 Rce5 38. b4 Re3 39. Rda2 Re8
40. Ra8 Re2+ 41. Kg3 Qc6 42. R1a6 Qb5 43. Rxe8+ Rxe8 44. Rxd6 Qf1 45. Qd1 Qc4
46. Qd3 Qc7 47. Kh3 Rc8 48. Qd4 Qe7 49. b5 Qe2 50. Rd8+ Rxd8 51. Qxd8+ Kg7 {
Diagrama #} 52. Qd4+ (52. Qd5) 52... Kg8 53. Kg3 Qxb5 54. c4 Qb8+ 55. Kg2 Qb4
56. Qd5 Qb2+ 57. Kg3 Qb8+ 58. Kh3 Qb3 59. Qe4 Qd1 60. Kg2 Qd2+ 61. Kg3 Qd6+ 62.
Qf4 Qb4 63. Qc1 Qc5 64. Kg2 Kf8 65. Qc2 h5 66. gxh5 Qg5+ 67. Kh1 Qxh5 68. Qe4
Qc5 69. Kg2 Qg5+ 70. Qg4 Qd2+ 71. Kh3 Qc3 72. Qe4 Qc1 73. Kg2 Qd2+ 74. Kg3 Qg5+
75. Kf2 Qd2+ 76. Qe2 Qc3 77. h3 Qd4+ 78. Kg2 Kg8 79. Qc2 Qc5 80. h4 Kf8 81. Qe4
Qb4 82. Qd5 Qb2+ 83. Kg3 Qb8+ 84. Kh3 Qb3 85. Kg3 Qb8+ 86. Kh3 Qb3 87. Qd8+ Kg7
88. Qd4+ Kg8 89. Kg3 Qb8+ 90. Kg2 Qb4 91. Qd8+ Kg7 92. Qd5 Qb2+ 93. Kg3 Qb8+
94. Kh3 Qb3 95. Qd4+ Kg8 96. Kg2 Qb4 97. Kf2 Qa4 98. Qd8+ Kg7 99. Qd5 Qb4 100.
Qd4+ Kg8 101. Ke2 Qa4 102. Ke3 Qa3+ 103. Kf4 Qb4 104. Kg5 Qe7+ 105. Kg4 Qe6+
106. Kg3 Qe1+ 107. Qf2 Qe5+ 108. Kg2 Qc3 109. Qe2 Kf8 110. Qe4 Kg8 111. Qd5
Qb2+ 112. Kf1 Qc1+ 113. Ke2 Qc2+ 114. Ke3 Qc1+ 115. Kd4 Qg1+ 116. Kc3 Qe1+ 117.
Kb3 Qb1+ 118. Ka4 Qa2+ 119. Kb5 Qb3+ 120. Kc6 Qa4+ 121. Kb7 Qb4+ 122. Kc8 Qb3
123. Qd8+ Kg7 124. Qd4+ Kg8 125. c5 Qxf3 126. Kc7 Qg3+ 127. Qd6 Qa3 128. c6
Qa7+ 129. Kd8 Qb6+ 130. Ke7 Qe3+ 131. Kd7 Qh3+ 132. Ke8 Qc8+ 133. Ke7 Qg4 134.
c7 Qxh4+ 135. Ke8 Qe4+ 136. Kd8 Qh4+ 137. Qe7 Qd4+ 138. Ke8 Qc4 139. Qf8+ {
Diagrama #} 1-0

[Event "V Abierto Ciudad de Dos Hermanas"]
[Site "?"]
[Date "2006.04.01"]
[Round "3"]
[White "Tissir, M."]
[Black "Milov, V."]
[Result "1-0"]
[WhiteElo "2444"]
[BlackElo "2638"]
[PlyCount "84"]
[EventDate "2006.03.30"]
[SourceDate "2006.03.30"]

1. e4 c5 2. Nf3 e6 3. d4 cxd4 4. Nxd4 a6 5. Bd3 Bc5 6. Nb3 Be7 7. O-O d6 8. c4
Nf6 9. Nc3 b6 10. Kh1 Bb7 11. f4 Nbd7 12. Qe2 O-O 13. Bd2 Re8 14. Rae1 Bf8 15.
Bb1 g6 16. e5 Nh5 17. Be4 Qc7 18. Bxb7 Qxb7 19. Ne4 d5 20. cxd5 exd5 21. Nc3
Nc5 22. Qf3 Rad8 23. g4 Ng7 24. f5 b5 {Diagrama #} 25. e6 gxf5 26. Bg5 Nxb3 27.
axb3 Rd6 28. gxf5 fxe6 29. f6 Nf5 30. Qg2 Rdd8 31. f7+ Kxf7 32. Bxd8 Rxd8 33.
Qh3 d4+ 34. Ne4 Kg8 35. Qf3 Qe7 (35... Kh8 36. Ng5 Qxf3+ 37. Rxf3 Rd5 38. Nxe6
Bb4 39. Ref1 $16) 36. Rg1+ Bg7 37. Ng5 $18 Ne3 (37... Nh4 38. Qh3 h6 39. Rxe6)
38. Qe4 Qf6 39. Qxh7+ Kf8 40. Nxe6+ Ke7 41. Rxg7+ Kd6 42. Nxd8 Kd5 1-0

[Event "V Abierto Ciudad de Dos Hermanas"]
[Site "?"]
[Date "2006.04.01"]
[Round "3"]
[White "Cheparinov, I."]
[Black "Kononenko, T."]
[Result "1-0"]
[WhiteElo "2625"]
[BlackElo "2417"]
[PlyCount "107"]
[EventDate "2006.03.30"]
[SourceDate "2006.03.30"]

1. c4 c6 2. Nf3 d5 3. e3 Nf6 4. Nc3 a6 5. b3 Bg4 6. h3 Bh5 7. g4 Bg6 8. Ne5 d4
9. exd4 Qxd4 10. Qe2 Ne4 11. Nxg6 Nxc3 12. Qf3 hxg6 13. dxc3 Qe5+ 14. Be2 Nd7
15. Bf4 Qf6 16. g5 Qf5 17. Rd1 e5 18. Be3 Qxf3 19. Bxf3 Be7 20. h4 a5 21. Ke2
O-O-O 22. h5 gxh5 23. Bxh5 f5 24. gxf6 Nxf6 25. Rxd8+ Rxd8 26. Bb6 Rf8 27. Bg6
Nd7 {Diagrama #} 28. Be3 (28. Bxa5 c5) 28... Bc5 (28... Nf6) 29. Rh7 $16 Bxe3
30. Kxe3 Kc7 31. Rxg7 Kd6 32. Bc2 Rf6 33. b4 axb4 34. cxb4 b6 35. a4 c5 36. b5
Rf8 37. Be4 Rb8 38. Rf7 Ke6 39. Bd5+ Kd6 40. Bc6 Nf8 41. Rg7 Rd8 42. Rb7 Ne6
43. Rxb6 Nd4 44. Bd5+ Kc7 45. Rb7+ Kc8 46. Ra7 Rd6 47. Ke4 Rf6 48. Rf7 Rh6 49.
a5 Rh4+ 50. Kxe5 Rh5+ 51. Ke4 Rh4+ 52. Kd3 Kb8 53. Rf8+ Kc7 54. b6+ 1-0

[Event "V Abierto Ciudad de Dos Hermanas"]
[Site "?"]
[Date "2006.04.01"]
[Round "3"]
[White "Candela, J."]
[Black "Spraggett, K."]
[Result "0-1"]
[WhiteElo "2410"]
[BlackElo "2581"]
[PlyCount "132"]
[EventDate "2006.03.30"]
[SourceDate "2006.03.30"]

1. d4 Nf6 2. c4 e6 3. Nc3 Bb4 4. Nf3 c5 5. g3 cxd4 6. Nxd4 O-O 7. Bg2 d5 8.
cxd5 Nxd5 9. Qb3 Nc6 10. Nxc6 bxc6 11. Bd2 Rb8 12. Qc2 Ba6 13. O-O Bxc3 14.
Bxc3 Nxc3 15. bxc3 c5 16. Rab1 Qa5 17. Rxb8 Rxb8 18. Rd1 h6 19. Be4 Bc4 20. Rd2
g5 21. Rd7 Rd8 22. Rxd8+ Qxd8 23. Bd3 Qd5 24. a3 Bb3 25. Qc1 Ba4 26. Qe3 Bc6
27. f3 Kg7 28. Kf2 f5 29. c4 Qd6 30. f4 Kf6 31. Bc2 e5 32. fxe5+ Qxe5 33. Qxe5+
Kxe5 34. e3 Be4 35. Ba4 Bd3 36. Bb5 Be4 37. Ke2 Bb7 38. Be8 Bc8 39. Bc6 a6 40.
Kd3 f4 41. gxf4+ gxf4 42. Bd5 Bg4 43. exf4+ Kxf4 44. Kd2 h5 45. Bb7 a5 46. Bd5
h4 47. Bc6 Be6 48. Kd3 Kg4 49. Bg2 Bf7 50. Kc3 Bg6 51. Kd2 Kf4 52. Ke2 Bh5+ 53.
Kd3 Bf3 54. Bh3 Be4+ 55. Ke2 Bc6 {Diagrama #} 56. Kf2 (56. Kd3 Kf3 57. Be6 Kf2
58. Bd5 Ba4 59. Ke4 Kg2 60. Be6 Kxh2 61. Kd5 $11) 56... Be8 57. Be6 Ke5 58. Bg8
Kd4 59. Kf3 Bh5+ 60. Kf4 Be2 61. Kg5 Bxc4 62. Bh7 Bd3 63. Bg8 c4 64. Kxh4 a4
65. Bxc4 Kxc4 66. Kg4 Kb3 0-1

[Event "V Abierto Ciudad de Dos Hermanas"]
[Site "?"]
[Date "2006.04.01"]
[Round "3"]
[White "Rodriguez Aguilera, A."]
[Black "Castellanos, R."]
[Result "1/2-1/2"]
[WhiteElo "2231"]
[BlackElo "2467"]
[PlyCount "53"]
[EventDate "2006.03.30"]
[SourceDate "2006.03.30"]

1. Nf3 Nf6 2. c4 e6 3. g3 b6 4. Bg2 Bb7 5. Nc3 c5 6. O-O Be7 7. b3 d6 8. Bb2 a6
9. Re1 Nbd7 10. e4 O-O 11. d4 cxd4 12. Nxd4 Qc7 13. Rc1 Rac8 14. g4 h6 15. f4
Rfe8 16. g5 hxg5 17. fxg5 Nh7 18. g6 Nhf8 19. gxf7+ Kxf7 20. Nd5 {Diagrama #}
Qd8 (20... exd5 21. cxd5 Qb8 22. Nc6 Bxc6 (22... Qa8 23. Bh3) 23. dxc6 Ne5 24.
Qd5+ Kg6 25. Re3 Bg5 26. Rg3 Kh6 27. c7 $5 Qa8 28. Qxa8 Rxa8 29. Bxe5 Bxc1 30.
Bxg7+ Kh7 31. e5 Rac8 32. Be4+ Kg8 33. Bc6 Bf4 34. Rg4 Ne6 35. exd6 Bxd6 36.
Be5+ Kf7 37. Bxd6 Nxc7 38. Bxc7 $18) 21. Nxe7 Qxe7 22. Rc3 Kg8 23. Rg3 Ne5 24.
Kh1 Nfg6 25. Nf3 Rc5 26. Nxe5 Nxe5 27. Bd4 (27. Bd4 Rc6 28. Rg1 $16) 1/2-1/2

[Event "V Abierto Ciudad de Dos Hermanas"]
[Site "?"]
[Date "2006.04.01"]
[Round "3"]
[White "Fernandez Romero, E."]
[Black "Diaz Castro, S."]
[Result "1-0"]
[WhiteElo "2460"]
[BlackElo "2241"]
[PlyCount "43"]
[EventDate "2006.03.30"]
[SourceDate "2006.03.30"]

1. e4 g6 2. d4 Bg7 3. Nc3 c6 4. h3 d5 5. Nf3 Nf6 6. e5 Ne4 7. Nxe4 dxe4 8. Ng5
c5 9. Bc4 O-O 10. c3 cxd4 11. cxd4 Nc6 12. Be3 b5 13. Bb3 Bb7 14. h4 $5 {
Diagrama #} Qa5+ (14... Na5 15. h5 Nxb3 16. axb3 Qd7 17. e6 fxe6 18. Nxh7 Rf5
19. hxg6 e5 20. dxe5 Qe6 21. Rxa7 Rxa7 22. Qd8+ Bf8 23. Bxa7 Qxg6 24. Nxf8 Rxf8
25. Qxe7 Bd5 26. Rh3 Be6 27. Rg3 Bg4 28. Qh4 Rf4 29. Be3 {
1-0 Rosen,W-Haselhorst,H/Germany 2003/CBM 098 ext (29).}) 15. Kf1 Rad8 (15...
h5 16. g4 hxg4 17. Qxg4 $18) 16. h5 Nxd4 (16... Nxe5 17. Nxh7 $1 $18) (16... e6
17. Nxh7 $1) 17. Bxd4 Qb4 18. hxg6 hxg6 19. Qg4 Rxd4 20. Qh3 Rfd8 21. Bxf7+ Kf8
22. Qh8+ 1-0

[Event "V Abierto Ciudad de Dos Hermanas"]
[Site "?"]
[Date "2006.04.01"]
[Round "3"]
[White "Prados Montaño, A."]
[Black "Colovic, A."]
[Result "0-1"]
[WhiteElo "2203"]
[BlackElo "2459"]
[PlyCount "52"]
[EventDate "2006.03.30"]
[SourceDate "2006.03.30"]

1. e4 c5 2. Nc3 e6 3. g3 d5 4. d3 Nc6 5. Bg2 Nf6 6. f4 Be7 7. e5 (7. Nf3) 7...
Nd7 8. Nf3 O-O 9. O-O f6 10. exf6 Nxf6 11. Re1 Bd6 12. Ng5 $6 (12. Bh3) 12...
Nd4 {Diagrama #} 13. Be3 $6 (13. f5 $5 Nxf5 14. Nxe6 (14. Rxe6 $2 h6 15. Rxf6
Qxf6 16. Bxd5+ Kh8 17. Qh5 Qd4+ $19 (17... Nxg3 $2 18. Nf7+ Rxf7 (18... Kh7 19.
hxg3 $18) 19. Qxf7 $11) (17... g6 $19)) 14... Bxe6 15. Rxe6 Qd7 16. Re1 $11)
13... h6 14. Nh3 Bd7 15. Kh1 Qc7 16. g4 (16. a4) 16... Nxc2 (16... Nxg4 17.
Qxg4 Nxc2 18. f5 (18. Bd2 Rf5 19. Rac1 Nxe1 20. Rxe1 Raf8 $17) 18... Nxe1 (
18... exf5 19. Qg6 Be8 20. Bxd5+ Kh8 21. Qg2 Nxa1 22. Rxa1 $15) 19. Rxe1 Rxf5
20. Bxh6 Be5 $15) 17. Qxc2 d4 18. g5 {Diagrama #} Ng4 $6 (18... hxg5 19. fxg5
Ng4 20. Bg1 dxc3 21. Qxc3 Rac8 $17) 19. Nd5 $2 (19. Bg1 dxc3 20. gxh6 cxb2 21.
hxg7 bxa1=Q 22. gxf8=Q+ Rxf8 23. Rxa1 $11) 19... exd5 20. Bxd5+ Kh8 21. gxh6 $2
(21. Bg1 hxg5 22. fxg5 Bc6 $17) 21... Nxh6 $19 (21... Nxe3 22. hxg7+ Kxg7 $19)
22. Bxd4 cxd4 23. Qxc7 Bxc7 24. Re7 Bxh3 25. Rg1 Bd8 26. Rexg7 Ng4 0-1

[Event "V Abierto Ciudad de Dos Hermanas"]
[Site "?"]
[Date "2006.04.01"]
[Round "3"]
[White "De La Villa, J."]
[Black "Ortega Valle, R."]
[Result "1-0"]
[WhiteElo "2451"]
[BlackElo "2226"]
[PlyCount "57"]
[EventDate "2006.03.30"]
[SourceDate "2006.03.30"]

1. e4 e5 2. Nf3 Nc6 3. Bb5 f5 4. Bxc6 dxc6 5. Nc3 fxe4 6. Nxe4 Nf6 7. Qe2 Bf5
8. d3 Nxe4 9. dxe4 Bg4 10. h3 Bxf3 11. Qxf3 Bb4+ 12. c3 Bd6 13. Qf5 Qe7 14. Bg5
Qf7 15. Qxf7+ Kxf7 {Diagrama #} 16. Ke2 a5 17. Be3 a4 18. c4 Ra5 19. Rhd1 Ke6
20. Rd3 Rb8 21. Rc1 c5 22. Bd2 Ra6 23. Rc2 b5 24. cxb5 Rxb5 25. Rdc3 Rab6 26.
Bc1 Rb4 27. Rc4 Rxc4 28. Rxc4 Rb4 29. Kd3 {Diagrama #} (29. Kd3 Kd7 30. a3 Rxc4
31. Kxc4 Kc6 32. b3 axb3 33. Kxb3 h5 (33... h6 34. Kc4 Kb6 35. Be3) 34. Kc4 g6
35. a4 Bf8 36. a5 Bg7 37. Be3 Bf8 38. a6 Be7 39. a7 Kb7 40. Bxc5 Bxc5 41. Kxc5
Kxa7 42. Kd5) 1-0

[Event "V Abierto Ciudad de Dos Hermanas"]
[Site "?"]
[Date "2006.04.01"]
[Round "3"]
[White "Epishin, V."]
[Black "Vega Gutierrez, S."]
[Result "1-0"]
[WhiteElo "2553"]
[BlackElo "2180"]
[PlyCount "73"]
[EventDate "2006.03.30"]
[SourceDate "2006.03.30"]

1. d4 d5 2. c4 e6 3. Nf3 c6 4. e3 Nf6 5. Nc3 Nbd7 6. a3 Bd6 7. g4 h6 8. Rg1 e5
9. cxd5 cxd5 10. h4 e4 11. Nd2 Nb6 12. g5 hxg5 13. hxg5 Ng8 14. f3 f5 15. a4 a5
16. fxe4 fxe4 17. Bb5+ Bd7 18. Qg4 (18. Qb3) 18... Ke7 $17 {Diagrama #} 19. Qe2
$2 (19. Bxd7 Qxd7 20. Qxd7+ Kxd7 21. Nb3) 19... Rh2 $19 20. Rg2 Rh1+ 21. Nf1
Bh3 22. Bd2 Qc8 (22... Qf8 23. O-O-O Bxg2 24. Qxg2 Qf3) 23. O-O-O Bxg2 24. Qxg2
{Diagrama #} Qh3 $4 (24... Rh8 25. Be1 Qh3 $19) 25. Nxd5+ $18 Nxd5 26. Qxe4+
Qe6 (26... Kf8 27. Qxd5) 27. Qxh1 Rc8+ 28. Kb1 Bb4 29. Ng3 Kd8 30. Qe4 Qxe4+
31. Nxe4 Bxd2 32. Rxd2 Nxe3 33. Nd6 Rb8 34. d5 Ke7 35. Ne4 b6 36. Re2 Nxd5 37.
Nc3+ 1-0

[Event "V Abierto Ciudad de Dos Hermanas"]
[Site "?"]
[Date "2006.04.01"]
[Round "3"]
[White "Dias, P."]
[Black "Burmakin, V."]
[Result "0-1"]
[WhiteElo "2370"]
[BlackElo "2519"]
[PlyCount "90"]
[EventDate "2006.03.30"]
[SourceDate "2006.03.30"]

1. d4 d5 2. c4 c6 3. Nc3 Nf6 4. Nf3 a6 5. cxd5 cxd5 6. Bf4 e6 7. e3 Bd6 8. Bxd6
Qxd6 9. Bd3 b5 10. O-O Bb7 11. a4 b4 12. Na2 Nc6 13. Nc1 Na5 14. Nb3 Nxb3 15.
Qxb3 a5 16. Bb5+ Ke7 17. Rfc1 Rhc8 18. Ne5 Rc7 19. Rxc7+ Qxc7 20. Nd3 Rc8 21.
f3 Qb6 22. Qd1 Ba6 23. Bxa6 Qxa6 24. Nc5 Qa7 25. Rc1 Nd7 26. Qc2 Rc7 {
Diagrama #} 27. Qxh7 (27. Kf2) 27... Nxc5 28. Qh4+ f6 29. Qh8 $2 (29. dxc5 Rxc5
30. Rxc5 (30. Qe1) 30... Qxc5 31. Qd4 Qxd4 32. exd4 e5 33. Kf2 Ke6 34. Ke3)
29... Nd7 $19 30. Qxg7+ Kd6 31. Re1 Qb8 32. h4 Rc8 33. h5 Rg8 34. Qh6 Qf8 35.
Qf4+ e5 36. Qh2 Qh6 37. Kf2 Rc8 38. Re2 Ke7 39. g4 b3 40. f4 Rc2 41. dxe5 fxe5
42. g5 Qa6 43. Ke1 Qd3 44. f5 Qxf5 45. Rxc2 bxc2 0-1

[Event "V Abierto Ciudad de Dos Hermanas"]
[Site "?"]
[Date "2006.04.01"]
[Round "3"]
[White "Recuero Guerra, D."]
[Black "Neelotpal, D."]
[Result "1-0"]
[WhiteElo "2315"]
[BlackElo "2512"]
[PlyCount "77"]
[EventDate "2006.03.30"]
[SourceDate "2006.03.30"]

1. e4 c5 2. Nf3 d6 3. d4 cxd4 4. Nxd4 Nf6 5. f3 Nc6 6. c4 Qb6 7. Nc2 e6 8. Nc3
Be7 9. a3 O-O 10. Be3 Qc7 11. Rc1 Rd8 12. Qd2 b6 13. Be2 Bb7 14. O-O Rd7 15.
Bf2 Qd8 16. Ne3 h5 17. f4 Rc8 18. b4 Bf8 19. Bh4 Be7 {Diagrama #} (19... Nxe4
$2 20. Nxe4 Qxh4 21. Ng5 $18) 20. Bg5 $5 (20. Bxf6 Bxf6 21. Bxh5 $16 Nd4) 20...
g6 21. Rcd1 Nh7 22. Bxe7 Qxe7 23. Rf3 Rcd8 24. Rg3 Kh8 25. Rf1 Nf6 26. b5 Na5
27. f5 h4 (27... Kh7 28. Qc2 Rg8 29. fxe6 fxe6 30. Bd3 Rc7 31. e5 dxe5 32.
Bxg6+ Kh8 33. Qe2 $16) 28. Rh3 exf5 (28... Kg8 29. fxg6 fxg6 30. Rxh4 d5 31.
Ng4 $18) 29. exf5 $18 g5 30. Ned5 Nxd5 31. Nxd5 Bxd5 {Diagrama #} 32. Rxh4+ Kg8
33. f6 Qe5 34. Rh5 Nb3 35. Rxg5+ Kf8 36. Rxe5 Nxd2 37. Rh5 Kg8 38. Rf4 Be4 39.
Rfh4 1-0

[Event "V Abierto Ciudad de Dos Hermanas"]
[Site "?"]
[Date "2006.04.01"]
[Round "3"]
[White "Handke, F."]
[Black "Barrero Garcia, C."]
[Result "1/2-1/2"]
[WhiteElo "2474"]
[BlackElo "2302"]
[PlyCount "64"]
[EventDate "2006.03.30"]
[SourceDate "2006.03.30"]

1. e4 e6 2. d4 d5 3. Nd2 Nc6 4. Ngf3 Nf6 5. e5 Nd7 6. Nb3 a5 7. a4 f6 8. Bb5
Na7 9. Bd3 c5 {Diagrama #} 10. Ng5 Nxe5 11. dxe5 fxg5 12. Qh5+ Kd7 13. c4 Be7
14. Qf7 Kc6 15. O-O (15. Bd2) 15... Kb6 16. cxd5 exd5 17. Bb5 (17. Bxh7 Nc6)
17... Rf8 18. Qxg7 Bf5 19. Be3 Nxb5 20. axb5 Rg8 21. Qh6+ Rg6 22. Qxh7 Qf8 {
Diagrama #} 23. Nxc5 $2 (23. g4) 23... Bxc5 24. Bxc5+ Qxc5 25. Rfc1 Bc2 26. b4
axb4 27. Rxa8 b3 28. Qd7 (28. Rb8 Qc7 29. Qh8 b2 30. Re1 b1=Q 31. Rxb1 Bxb1 32.
Rc8 Qe7 33. Rc1 Be4 34. Qc8 g4 $15) 28... b2 29. Re1 b1=Q 30. Rxb1 Bxb1 31. h3
{Diagrama #} g4 $2 (31... Qc1+ 32. Kh2 Qf4+ 33. Kg1 Qxe5 34. Qd8+ Qc7 35. Qxd5
Rd6 $19) 32. Rc8 Rc6 1/2-1/2

[Event "V Abierto Ciudad de Dos Hermanas"]
[Site "?"]
[Date "2006.04.01"]
[Round "3"]
[White "Justiniano Marquez, M."]
[Black "Teran Alvarez, I."]
[Result "1/2-1/2"]
[WhiteElo "2171"]
[BlackElo "2446"]
[PlyCount "86"]
[EventDate "2006.03.30"]
[SourceDate "2006.03.30"]

1. d4 g6 2. g3 Bg7 3. Bg2 Nf6 4. Nf3 O-O 5. O-O d6 6. c3 Nbd7 7. Nbd2 e5 8. Qc2
Qe7 9. dxe5 dxe5 10. e4 a5 11. a4 b6 12. b4 Bb7 13. b5 Nc5 14. Ba3 Rfd8 15.
Rfe1 Bf8 16. Nb3 Nfd7 17. Rad1 Qe6 18. Nxc5 Bxc5 19. Bxc5 Nxc5 20. Nd2 Rd6 21.
Nf1 Rad8 22. Ne3 Rxd1 23. Rxd1 Rxd1+ 24. Qxd1 Kg7 25. Qd8 Bxe4 26. Bxe4 Nxe4
27. Qxc7 Nc5 28. c4 Nxa4 29. Nd5 e4 30. Qc6 Qe5 31. h4 h5 {Diagrama #} 32. Nxb6
$2 e3 33. Nd7 Qa1+ 34. Kg2 e2 35. Qd6 e1=Q $2 (35... Qf1+ 36. Kf3 e1=N+ 37. Ke3
Ng2+ 38. Kf3 Nxh4+ 39. gxh4 Qh3+ 40. Ke2 (40. Ke4 Qxd7 41. Qxd7 Nc5+ 42. Kd5
Nxd7 43. c5 a4 44. c6 Nb6+ 45. Kc5 Na8 46. b6 Nxb6 47. Kxb6 a3 48. c7 a2 49.
c8=Q a1=Q $19) 40... Nc3+ 41. Ke1 Qh1+ $19) 36. Qf8+ Kh7 37. Qxf7+ Kh6 38. Qf4+
Kh7 39. Qf7+ Kh8 40. Qf8+ Kh7 41. Qf7+ Kh6 42. Qf4+ Kg7 43. Qf8+ Kh7 1/2-1/2

[Event "V Abierto Ciudad de Dos Hermanas"]
[Site "?"]
[Date "2006.04.01"]
[Round "3"]
[White "Krivoshey, S."]
[Black "Caruana, F."]
[Result "0-1"]
[WhiteElo "2553"]
[BlackElo "2409"]
[PlyCount "112"]
[EventDate "2006.03.30"]
[SourceDate "2006.03.30"]

1. d4 Nf6 2. c4 Nc6 3. Nf3 e6 4. a3 d6 5. Nc3 g6 6. e4 Bg7 7. Be2 O-O 8. O-O
Re8 9. d5 Nb8 10. Qc2 Nbd7 11. Bg5 h6 12. Bh4 g5 13. Bg3 Nh5 14. dxe6 fxe6 15.
Rad1 Nxg3 16. hxg3 Rf8 17. Nd4 Qe7 18. b4 Ne5 19. Nb3 a5 20. bxa5 g4 21. Nb5 h5
22. c5 dxc5 23. Qxc5 Qxc5 24. Nxc5 Rxa5 25. Nb3 Ra4 26. Nc5 Ra5 27. Nb3 Ra8 28.
Nxc7 Rxa3 29. Nd4 Ra2 30. f4 gxf3 31. gxf3 Kf7 32. f4 Ng4 33. Bxg4 hxg4 34.
Ndb5 Ke7 35. Rf2 Rxf2 36. Kxf2 Bd7 37. Ke3 Rh8 38. e5 Rh3 39. Rg1 Kd8 40. Kd4
Bf8 41. Kc4 Rh2 {Diagrama #} 42. Rc1 $2 (42. Kc3) 42... Rg2 43. Rc3 Rf2 44. Na8
Rf3 45. Nd6 b5+ 46. Kb4 Rxc3 47. Kxc3 Bc6 48. Nb6 Kc7 49. Nbc8 Bd7 50. Na7 Bxd6
51. exd6+ Kb6 52. Nxb5 Kxb5 53. Kd4 Kc6 54. Ke5 Kc5 55. Kf6 Kxd6 56. Kg5 e5 0-1

[Event "V Abierto Ciudad de Dos Hermanas"]
[Site "?"]
[Date "2006.04.02"]
[Round "4"]
[White "Spraggett, K."]
[Black "De La Villa, J."]
[Result "0-1"]
[WhiteElo "2581"]
[BlackElo "2451"]
[PlyCount "44"]
[EventDate "2006.03.30"]
[SourceDate "2006.03.30"]

1. e4 c5 2. Nf3 Nf6 3. Nc3 d5 4. exd5 Nxd5 5. Bb5+ Bd7 6. Ne5 Bxb5 7. Qf3 f6 8.
Nxb5 Na6 9. Qh5+ g6 10. Nxg6 hxg6 11. Qxh8 Qd7 12. Nc3 Qe6+ 13. Kf1 Nab4 {
Diagrama #} 14. Qh4 (14. Qh3 Qa6+ 15. d3 Rd8 16. Qg4 f5 17. Qe2 Rd6 18. Nxd5
Nxd5 19. Bd2 Bg7 20. Re1 e6 21. h4 Kd7 22. h5 e5 23. hxg6 Rxg6 24. Rh7 Ne7 25.
Bc3 Qc6 26. Qf3 Qxf3 27. gxf3 Ke6 28. Bxe5 Bxe5 29. f4 Kd6 30. Rxe5 Re6 31.
Rxe6+ Kxe6 32. Rxe7+ Kxe7 {1-0 Carlsen,M-Runde,H/Norway 2002/EXT 2003 (32).})
14... Qa6+ 15. Kg1 (15. d3 Nxc2 $19) 15... Nxc2 16. Rb1 (16. Nxd5 O-O-O 17. Nf4
Nxa1 18. Qg4+ $14) 16... Nd4 17. h3 e6 18. d3 (18. b4 Nxc3 19. dxc3 Qd3 20. Rb2
Qxc3 21. Kh2 Bd6+ 22. f4 O-O-O 23. bxc5 $14) 18... O-O-O {Diagrama #} 19. Qg4
$2 (19. Qe4 $13) 19... Qxd3 $17 20. Qe4 $2 (20. Qd1 Qf5 21. Bd2 $17) 20... Qc4
$19 21. Qe1 $2 (21. Kh2 f5 22. Qe1 Bd6+ 23. f4 Nxf4) 21... Nxc3 22. bxc3 Nc2
0-1